Public policymaking (Record no. 4497)

MARC details
000 -LEADER
fixed length control field 02205cam a2200205 a 4500
020 ## - INTERNATIONAL STANDARD BOOK NUMBER
ISBN 9780618974726
020 ## - INTERNATIONAL STANDARD BOOK NUMBER
ISBN 9780495901518
020 ## - INTERNATIONAL STANDARD BOOK NUMBER
ISBN 9780495797371
050 00 - CALL NUMBER
Classification number JK468.P64
Item number A56
100 1# - AUTHOR
Personal name Anderson, James E.
245 10 - TITLE
Title Public policymaking
Remainder of title an introduction /
Statement of responsibility, etc James Anderson.
250 ## - EDITION
Edition statement 7th ed.
260 ## - PUBLICATION INFORMATION
Place of publication Boston, MA :
Name of publisher Cengage,
Year of publication c2011.
300 ## - DESCRIPTION
Number of Pages ix, 342 p. :
Other physical details ill. ;
Dimensions 24 cm.
500 ## - NOTES
General note Includes index.
505 ## - FORMATTED CONTENTS NOTE
Table of Content Plan of this book --<br/>2 What is public policy? --<br/>3. Categories of public policies --<br/>4. Approaches to public policy --<br/>5. Methodological difficulties in studying public policy --<br/>6. Policy environment --<br/>7. Official policy makers --<br/>8. Nongovernmental participants --<br/>9. Levels of politics --<br/>10. Policy problems --<br/>11. Policy agenda --<br/>12. Agenda setting process --<br/>13. Nondecisions --<br/>14. Loss of agenda status --<br/>15. Two cases in agenda setting --<br/>16. Case study: coal mining safety --<br/>17. Case study: environmental pollution control --<br/>18. Theories of decision-making --<br/>19. Decision criteria --<br/>20. Public interest --<br/>21. Styles of decision making --<br/>22. Presidential decision-making --<br/>23. Case study: policy adoption: consumer bankruptcy --<br/>24. Budget and public policy --<br/>25. National budgetary process --<br/>26. Case study: the struggle to balance the budget --<br/>27. Federalism and implementalism --<br/>28. Who implements policy? --<br/>29. Administrative organization --<br/>30. Administrative politics --<br/>31. Administrative policymaking --<br/>32. Case study: National park service fire policy --<br/>33. Case study: Elementary and secondary education act --<br/>34. Techniques of control --<br/>35. Clean air act's emissions-trading system --<br/>36. Compliance --<br/>37. Policy impact --<br/>38. Policy evaluation --<br/>39. Policy evaluation processes --<br/>40. Case study: GAO and food safety --<br/>41. Problems in policy evaluation --<br/>42. Policy evaluation: the use and misuse of cost-benefit analysis --<br/>43. Case study: the politics of evaluation: head start --<br/>44. Policy termination --<br/>45. Case study: the policy cycle: airline regulation and deregulation.<br/>
650 #0 - SUBJECTS
Topical Term Political planning
650 #0 - SUBJECTS
Topical Term Policy sciences.
942 ## - ADDED ENTRY ELEMENTS (KOHA)
Koha item type Books
Holdings
Withdrawn status Lost status Home library Current library Shelving location Date acquired Full call number Accession Number Koha item type Collection code
    Methodist University Library Main Methodist University Library Main General Stacks   JK468.P64 A56 36605 Books  
    Methodist University Library Main Methodist University Library Main General Stacks   JK468.P64 A56 36601 Books  
    Methodist University Library Main Methodist University Library Main General Stacks   JK468.P64 A56 36607 Books  
    Methodist University Library Main Methodist University Library Main General Stacks   JK468.P64 A56 36604 Books  
    Methodist University Library Main Methodist University Library Main General Stacks   JK468.P64 A56 36602 Books  
    Methodist University Library Main Methodist University Library Main General Stacks   JK468.P64 A56 36603 Books  
    Methodist University Library Main Methodist University Library Main General Stacks   JK468.P64 A56 36608 Books Reference
    Methodist University Library Main Methodist University Library Main General Stacks   JK468.P64 A56 36606 Books Reference
Copyright © 2026  MUG Library